00390nam a2200145Ia 4500008004100000020001500041041001200056082001600068100001500084245006500099250000800164260004800172300000800220650001600228221030s9999 xx 000 0 und d a8122411566 aEnglish a105.23bXav aC. Xavier 0aIntroduction to Computers & Basic Programmingcby C. Xavier a2nd bNew Age International Pub.aNew Delhic2001 a681 aBE Computer